[Event "TUR-chT Clubs"]
[Site "Konya"]
[Date "2019.07.20"]
[Round "8.12"]
[White "Turk, Alp"]
[Black "Yenicirak, Gokdeniz Ege"]
[Result "0-1"]
[WhiteElo "1222"]
[BlackElo "1636"]
[PlyCount "76"]
[EventDate "2019.07.16"]
[EventType "team-swiss"]
[EventRounds "9"]
[EventCountry "TUR"]
[SourceTitle "CBM 191 Extra"]
[Source "ChessBase"]
[SourceDate "2019.09.30"]
[SourceVersion "1"]
[SourceVersionDate "2019.09.30"]
[SourceQuality "1"]
[WhiteTeam "Busan Genclik"]
[BlackTeam "Yalova Beyaz Fil"]
[WhiteTeamCountry "TUR"]
[BlackTeamCountry "TUR"]

1. e4 c5 2. Nf3 d6 3. d4 cxd4 4. Nxd4 Nf6 5. Nc3 g6 6. Bg5 Bg7 7. Bb5+ Bd7 8. Qe2 Nc6 9. Bxc6 bxc6 10. Rd1 0-0 11. e5 dxe5 12. Nxc6 Qe8 13. Nxe7+ Qxe7 14. Nd5 Qe6 15. Nxf6+ Bxf6 16. Bxf6 Qxf6 17. Rxd7 Qc6 18. Re7 Qxg2 19. Rf1 Qg5 20. Rb7 e4 21. c3 Rad8 22. Qc2 Rd3 23. Rxa7 Rfd8 24. a4 Rd2 25. Qxe4 Rd1+ 26. Ke2 Qd2+ 27. Kf3 Rxf1 28. Qe2 Rd3+ 29. Qxd3 Qxf2+ 30. Ke4 Qf5+ 31. Kd4 Rf4+ 32. Qe4 Qxe4+ 33. Kc5 Qe3+ 34. Kd5 Qxa7 35. b4 Qxa4 36. c4 Qd7+ 37. Ke5 Rd4 38. b5 Qd6# 0-1

[Event "TUR-chT2"]
[Site "Konya"]
[Date "2018.07.11"]
[Round "3.17"]
[White "Yenicirak, Gokdeniz Ege"]
[Black "Aligil, Tayfur"]
[Result "1/2-1/2"]
[WhiteElo "1620"]
[BlackElo "1349"]
[PlyCount "85"]
[EventDate "2018.07.10"]
[EventType "team-swiss"]
[EventRounds "9"]
[EventCountry "TUR"]
[SourceTitle "EXT 2019"]
[Source "ChessBase"]
[SourceDate "2018.10.10"]
[SourceVersion "1"]
[SourceVersionDate "2018.10.10"]
[SourceQuality "1"]
[WhiteTeam "Yalova Beyaz Fil"]
[BlackTeam "Antalya Deniz Genclik"]
[WhiteTeamCountry "TUR"]
[BlackTeamCountry "TUR"]

1. e4 c5 2. Nf3 Nc6 3. d4 cxd4 4. Nxd4 Nf6 5. Nc3 d6 6. Bg5 g6 7. Be2 Bg7 8. Qd2 0-0 9. Bh6 Bxh6 10. Qxh6 Ng4 11. Bxg4 Bxg4 12. f3 Bd7 13. h4 f6 14. h5 g5 15. f4 gxf4 16. Qxf4 Rf7 17. g4 Rg7 18. Rg1 Rg5 19. 0-0-0 Qf8 20. Nd5 Qg7 21. Ne3 Re5 22. Qf3 Rg5 23. Qf4 Re5 24. Qf3 a5 25. Kb1 Nxd4 26. Rxd4 Rc8 27. Kc1 b5 28. Nd5 Be6 29. h6 Qf8 30. Qa3 Bxd5 31. Rxd5 Rxd5 32. exd5 Qxh6+ 33. Kb1 Kh8 34. Qxa5 Qe3 35. Re1 Qf2 36. Rc1 Qe2 37. Qa7 Kg8 38. a3 Kf7 39. Qd7 Rc5 40. Qf5 Kg7 41. Rh1 h6 42. g5 fxg5 43. Qc8 1/2-1/2